Estatísticas para Google: qual é a diferença...?

Clique aqui para jogar o quiz

Estatísticas Gerais

  • Esse quiz foi jogado 47 vezes
  • A pontuação média é 5 de 10

Estatísticas das Respostas

HintResposta% Correto
entre _______ e BosqueFloresta
84%
entre _______ e VeganoVegetariano
84%
entre _______ e Reino UnidoGrã Bretanha
58%
entre _______ e ÁrvorePlanta
56%
entre _______ e TempoClima
49%
entre _______ e RepúblicaDemocracia
49%
entre _______ e MoralÉtica
49%
entre _______ e EstrelaPlaneta
49%
entre _______ e MontanhaMorro
44%
entre _______ e PântanoBrejo
12%

Distribuição das Pontuações

Percentil de Números Respondidos

Porcentagem de Pessoas com Cada Pontuação

Sua Pontuação Histórica

Você não jogou esse quiz